Mein science daan kaisay bana ? : (Record no. 332258)

000 -LEADER
fixed length control field 01275cam a22003494a 4500
001 - CONTROL NUMBER
control field 15589592
003 - CONTROL NUMBER IDENTIFIER
control field NUST
005 - DATE AND TIME OF LATEST TRANSACTION
control field 20230106172922.0
008 - FIXED-LENGTH DATA ELEMENTS--GENERAL INFORMATION
fixed length control field 090116s2005 it a 000 0ceng
010 ## - LIBRARY OF CONGRESS CONTROL NUMBER
LC control number 2008419348
020 ## - INTERNATIONAL STANDARD BOOK NUMBER
International Standard Book Number 9789697659012
025 ## - OVERSEAS ACQUISITION NUMBER
Overseas acquisition number I-E-2008-419348; 34
037 ## - SOURCE OF ACQUISITION
Source of stock number/acquisition Library of Congress -- New Delhi Overseas Office
Terms of availability Rs200.00
040 ## - CATALOGING SOURCE
Original cataloging agency DLC
Transcribing agency DLC
042 ## - AUTHENTICATION CODE
Authentication code lcode
050 00 - LIBRARY OF CONGRESS CALL NUMBER
Classification number Q141
Item number .O52 2005
082 ## - DEWEY DECIMAL CLASSIFICATION NUMBER
Classification number 925
Author Mark ONE
240 ## - UNIFORM TITLE
Uniform title One hundred reasons to be a scientists
245 00 - TITLE STATEMENT
Title Mein science daan kaisay bana ? :
Remainder of title science daan ban'nay ke aik so juwaz/.
250 ## - EDITION STATEMENT
Edition statement 2nd ed.
260 ## - PUBLICATION, DISTRIBUTION, ETC.
Place of publication, distribution, etc. Islamabad :
Name of publisher, distributor, etc. Comsats Institute of Information Technology,
Date of publication, distribution, etc. 2016.
300 ## - PHYSICAL DESCRIPTION
Extent 263 p. :
Other physical details ill. ;
Dimensions 26 cm.
500 ## - GENERAL NOTE
General note Previously published: c2004.
650 #0 - SUBJECT ADDED ENTRY--TOPICAL TERM
Topical term or geographic name entry element Scientists
Form subdivision Biography.
9 (RLIN) 6604
650 #0 - SUBJECT ADDED ENTRY--TOPICAL TERM
Topical term or geographic name entry element Science.
9 (RLIN) 6605
710 2# - ADDED ENTRY--CORPORATE NAME
Corporate name or jurisdiction name as entry element Abdus Salam International Centre for Theoretical Physics.
9 (RLIN) 6606
880 ## - ALTERNATE GRAPHIC REPRESENTATION
Linkage 245-02\(3\r
Title میں سائنسدان کیسے بنا؟
b اردو ترجمہ: سائنسدان بننے کے ایک سو جواز
880 ## - ALTERNATE GRAPHIC REPRESENTATION
Linkage 260-03\(3\r
Title اسلام آباد:
b Comsats,
c 2016
906 ## - LOCAL DATA ELEMENT F, LDF (RLIN)
a 7
b cbc
c origode
d 3
e ncip
f 20
g y-gencatlg
942 ## - ADDED ENTRY ELEMENTS (KOHA)
Source of classification or shelving scheme
Koha item type Book
Holdings
Withdrawn status Lost status Source of classification or shelving scheme Damaged status Not for loan Permanent Location Current Location Shelving location Date acquired Total Checkouts Full call number Barcode Date last seen Date last checked out Copy number Price effective from Koha item type Source of acquisition Total Renewals
          Central Library (CL) Central Library (CL) Book Cart 11/21/2017 2 925 MEI CL2480 05/05/2025 01/10/2025 1 11/21/2017 Book    
          Central Library (CL) Central Library (CL)   01/05/2023 1 925 MEI CL-D-2235 10/02/2023 02/26/2023   01/05/2023 Book Donated by Comsat University Islamabad 2
© 2023 Central Library, National University of Sciences and Technology. All Rights Reserved.